000 00901nas a2200289 4500
001 BR0601646
003 BR-BrBNA
005 20231205105940.0
007 ta
008 230509b bl.|||p| |||| 00| 00por d
040 _aBR-BrBNA
_bpor
_cBiblioteca Nacional de Agricultura
041 _a(Pt)
072 _aF08
100 1 _aKliemann, H.J.
100 1 _aBraz, A.J.P.B.
100 1 _aSilveira, P.M.
245 1 _aTaxas de decomposição de resíduos de espécies de cobertura em latossolo vermelho distroférrico
650 _aGRAMÍNEA FORRAGEIRA
650 _aGRAMÍNEA TROPICAL
650 _aCOBERTURA VEGETAL
650 _aPLANTIO DIRETO
650 _aLATOSSOLO VERMELHO
650 _aCERRADO
773 0 _tPesquisa Agropecuária Tropical (Brazil)
_xISSN 1517-6398
_g(Jan-Apr 2006), v. 36(1) p. 21-28
_wBR0601646
909 _a202311
_bLúcia
_c55
_dLúcia Elande
942 _2AGRIS
_n0
_cANA
999 _c185497
_d185497